Guess the State (Map) Quiz! - Statistics

General Stats
  • This quiz has been taken 27 times
  • The average score is 13 of 15
Answers on the Map
Answers color-coded by a green-red scale on the quiz's map according to % correct below.
 
Answer Stats
Answer % Correct
Kansas
91%
Kentucky
91%
Louisiana
91%
Ohio
91%
Oklahoma
91%
Rhode Island
91%
Virginia
91%
Connecticut
87%
Illinois
87%
New Jersey
87%
New York
87%
Pennsylvania
87%
Indiana
83%
Alabama
78%
New Hampshire
78%
No matching quizzes found
Score Distribution
Percent of People with Each Score
Percentile by Number Answered
Your Score History
You have not taken this quiz